Yorùbá ń pòwe: àkójopò òódúnrún òwe okunrin obìnrin àti eranko
Gardado en:
| Autor Principal: | |
|---|---|
| Formato: | Libro |
| Idioma: | inglés |
| Publicado: |
Adegbite Publishers
, 2015
|
| Tags: |
Engadir etiqueta
Sen Etiquetas, Sexa o primeiro en etiquetar este rexistro!
|
MARC
| LEADER | 00000nam a22000007a 4500 | ||
|---|---|---|---|
| 008 | 211202b ||||| |||| 00| 0 eng d | ||
| 020 | |a : 978-978-4987-633 | ||
| 100 | |a FÁTÙRÓTÌ , Olúségun | ||
| 245 | |a Yorùbá ń pòwe: àkójopò òódúnrún òwe okunrin obìnrin àti eranko |c Olúségun Fátùrótì |g . xxi, 156p. | ||
| 260 | |b Adegbite Publishers |c , 2015 |h .Ondo |i [690103, |i , 690104] - Arts. |i [690997 |i 690998] - Afr., |l PN6519 .Y6F26 |m Proverbs, Yoruba | ||
| 942 | |a lcc |c BK |e J. O. Ifatola |f 02/ 12/ 2021 | ||
| 952 | |0 0 |1 0 |2 lcc |4 0 |6 PN6519 Y6 F26 |7 0 |9 3939 |a HOL |b HOL |c LP |d 2021-12-02 |l 0 |o PN6519 .Y6F26 |p 2021-67661 |r 2021-12-02 00:00:00 |w 2021-12-02 |y BK | ||
| 952 | |0 0 |1 0 |2 ddc |4 0 |6 PN_6519_000000000000000__Y6F26 |7 0 |9 3940 |a HOL |b AC |d 2021-12-02 |l 0 |o PN6519 .Y6F26 |p 2021-67662 |r 2021-12-02 00:00:00 |w 2021-12-02 |y BK | ||
| 999 | |c 1973 |d 1973 | ||